Cálculo de las impedancias en serie de líneas de transmisión aéreas mediante el método de diferencias finitas
Đã lưu trong:
| Tác giả chính: | |
|---|---|
| Định dạng: | Sách |
| Được phát hành: |
2006
[San José, Costa Rica]
|
| Những chủ đề: | |
| Các nhãn: |
Thêm thẻ
Không có thẻ, Là người đầu tiên thẻ bản ghi này!
|
MARC
| LEADER | 00000nam a2200000Ia 4500 | ||
|---|---|---|---|
| 003 | 009702 | ||
| 005 | 20221231144123.0 | ||
| 008 | 140114s2006 cr a m 000 ||s d | ||
| 040 | |c cru CEDI | ||
| 090 | |a TFG 5233 | ||
| 100 | |a Céspedes Moya, Mauricio |9 5637 | ||
| 245 | |a Cálculo de las impedancias en serie de líneas de transmisión aéreas mediante el método de diferencias finitas | ||
| 260 | |c [San José, Costa Rica] |b 2006 | ||
| 300 | |a ix, 73 hojas : ilustraciones | ||
| 500 | |a Proyecto de graduación (bachiller en ingeniería eléctrica)--Universidad de Costa Rica. Facultad de Ingeniería. Escuela de Ingeniería Eléctrica | ||
| 650 | |x IMPEDANCIA (ELECTRICIDAD) |x LINEAS ELECTRICAS |x LINEAS ELECTRICAS AEREAS |x SISTEMAS DE ENERGIA ELECTRICA |x MODELOS MATEMATICOS |9 5638 | ||
| 942 | |c TFG | ||
| 999 | |c 17191 |d 17191 | ||
